000 00502nam a2200169 a 4500
005 20140414132122.0
008 121010s19uu xx 00 eng d
050 _aM 688.7
_bM479 1997
100 _aMcKie, Anne
245 _aA Treasury of Teddy tales.
260 _aLondon :
_bGrandreams Limited,
_c1997.
300 _a98
500 _aTeddy on Safari. Teddy and the robot. Teddy and the fire brigade.
650 _aStories-tales-fiction.
700 _aKen McKie (illustrator)
999 _c115090
_d115090